Ski Jumping World Cup winners - Statistics

General Stats
  • This quiz has been taken 121 times
    106 since last reset
  • The average score is 15 of 26
Answer Stats
Wins Jumper Country % Correct
2 Kamil Stoch Poland
94%
4 Adam Małysz Poland
89%
1 Peter Prevc Slovenia
89%
2 Stefan Kraft Austria
89%
1 Ryōyū Kobayashi Japan
88%
2 Janne Ahonen Finland
83%
2 Gregor Schlierenzauer Austria
79%
1 Halvor Egner Granerud Norway
79%
1 Simon Ammann Switzerland
77%
2 Thomas Morgenstern Austria
76%
1 Jakub Janda Czech Republic
73%
1 Severin Freund Germany
68%
4 Matti Nykänen Finland
62%
1 Anders Bardal Norway
59%
2 Primož Peterka Slovenia
58%
3 Andreas Goldberger Austria
55%
2 Martin Schmitt Germany
55%
1 Jens Weißflog East Germany
53%
1 Toni Nieminen Finland
35%
1 Ari-Pekka Nikkola Finland
30%
1 Andreas Felder Austria
29%
1 Espen Bredesen Norway
29%
1 Jan Boklöv Sweden
29%
2 Armin Kogler Austria
24%
1 Hubert Neuper Austria
20%
1 Vegard Opaas Norway
12%
No matching quizzes found
Score Distribution
Percent of People with Each Score
Percentile by Number Answered
Your Score History
You have not taken this quiz since the last reset